Statistiques concernant Olympique de Marseille (2017-2018)

Cliquez ici pour prendre le quiz!

Statistiques générales

  • Ce quiz a été pris 1 023 fois
  • Le résultat moyen est 17 sur 23

Statistiques - réponses

HintRéponse% Correct
30GardienFranceSteve Mandanda2017
99%
2DéfenseurJaponHiroki Sakai2016
97%
10AttaquantFranceDimitri Payet2017
96%
26AttaquantFranceFlorian Thauvin2016
96%
16GardienFranceYohann Pelé2015
93%
6DéfenseurPortugalRolando2015
90%
19MilieuBrésilLuiz Gustavo2017
89%
28AttaquantFranceValère Germain2017
89%
5AttaquantArgentineLucas Ocampos2015
85%
27MilieuFranceMaxime Lopez2014
85%
23DéfenseurFranceAdil Rami2017
83%
8MilieuFranceMorgan Sanson2017
83%
14AttaquantCamerounClinton Njie2016
82%
29MilieuCamerounAndré Zambo Anguissa2015
78%
3DéfenseurBrésilDoria2014
72%
4DéfenseurFranceBoubacar Kamara2017
71%
17AttaquantGuinéeBouna Sarr2015
68%
15DéfenseurSlovaquieTomáš Hubočan2016
68%
21DéfenseurFrancePatrice Evra2017
49%
12DéfenseurCamerounHenri Bedimo2016
48%
21MilieuFranceGrégory Sertic2017
40%
7MilieuFranceRémy Cabella2016
40%
24DéfenseurFranceRod Fanni2016
29%

Distribution des résultats

Percentile par nombre de réponses

% des personnes avec chaque résultat

Votre développement - résultats

Vous n’avez pas pris ce quiz